Úvod do etiky

Na minha lista:
Detalhes bibliográficos
Autor principal: Vajda, Ján
Formato: Livro
Idioma:eslovaco
Publicado em: Nitra Enigma 2004
Assuntos:
Tags: Adicionar Tag
Sem tags, seja o primeiro a adicionar uma tag!

MARC

LEADER 00000nam$a2200000$$$4500
001 0027272
005 20221207102834.7
020 |a 80-89132-12-X 
041 0 |a slo 
044 |a SK 
245 1 0 |a Úvod do etiky  |c Ján Vajda 
264 1 |a Nitra  |b Enigma  |c 2004 
300 |a 251 s. 
610 2 0 |a etika 
610 2 0 |a morálka 
610 2 0 |a etika sociálna 
610 2 0 |a správanie 
610 2 0 |a história 
100 1 |a Vajda, Ján